El manual de supervivencia del SAS: guía definitiva para sobrevivir en cualquier lugar
Gespeichert in:
| 1. Verfasser: | |
|---|---|
| Format: | Buch |
| Sprache: | Spanisch |
| Veröffentlicht: |
Barcelona
Paidotribo
2010
|
| Ausgabe: | 2a. ed |
| Schlagworte: | |
| Tags: |
Tag hinzufügen
Keine Tags, Fügen Sie den ersten Tag hinzu!
|
MARC
| LEADER | 00000nam a2200000 a 4500 | ||
|---|---|---|---|
| 001 | UCG3088 | ||
| 003 | CL-VaPUC | ||
| 008 | 100812e20100000SP |||||||||||||||||spa|d | ||
| 020 | |a 9788499100463 | ||
| 082 | 0 | 4 | |a 796.54 |b WIS |2 21 |
| 100 | 0 | |a Wiseman, John Lofty |e author |9 551927 | |
| 245 | 1 | 3 | |a El manual de supervivencia del SAS: guía definitiva para sobrevivir en cualquier lugar |
| 250 | |a 2a. ed | ||
| 300 | |a 576 p | ||
| 942 | |c BK | ||
| 945 | |d 20100812 00:00:00 |a dcastane | ||
| 260 | |a Barcelona |b Paidotribo |c 2010 | ||
| 650 | 7 | |a CAMPING |2 CL-VaPUC |9 308205 | |
| 650 | 7 | |a DEPORTES AVENTURA |2 CL-VaPUC |9 541589 | |
| 650 | 0 | |a Geografía |9 259346 | |
| 650 | 7 | |a DEPORTES AL AIRE LIBRE |2 CL-VaPUC |9 551928 | |
| 650 | 7 | |a SUPERVIVENCIA |2 CL-VaPUC |9 352316 | |
| 583 | |a last modification |c 20100812 00:00:00 |k Rodrigo Vera | ||
| 999 | |c 342186 |d 342184 | ||
| 952 | |0 0 |1 1 |2 ddc |4 0 |6 796_540000000000000_WIS_2010 |7 0 |8 C |9 438236 |a BIBCUR |b BIBCUR |d 2019-11-22 |i 4702069 |o 796.54 WIS 2010 |p 4702069 |r 2019-11-22 |w 2019-11-22 |y BK |k DEN | ||